| 000 | 00494nam a22001577a 4500 | ||
|---|---|---|---|
| 008 | 230529b |||||||| |||| 00| 0 eng d | ||
| 040 |
_aNational Science Library _cNational Science Library |
||
| 080 |
_aR 92BOSE _bJ8 |
||
| 245 | _aAchrya Jagdis chandra Bose birth centenary 1858-1958 | ||
| 260 |
_aCalcutta: _bAchrya Jagdis chandra Bose Birth Centenary Committee, _c1958 |
||
| 300 | _a83p. | ||
| 650 | _aGeography | ||
| 653 | _aDictionary | ||
| 700 | _aHome, Amal (Ed.) | ||
| 942 |
_2udc _cREF |
||
| 999 |
_c35718 _d35718 |
||